00480nam a2200193Ia 4500008004100000020001800041100002100059245003900080245002100119260001500140260002000155260000900175300001600184300002700200300001000227650001600237650002500253700000800278160803s9999 xx 000 0 und d a9780439785105 aMicucci, Charles 4aThe life and times of the peanut / cCharles Micucci. aNew York : bScholastic Inc. c1997 a32 pages :  bcolor illustrations ;  c23 cm aPeanuts --  xJuvenile literature. a980